Tous les bus de Montréal - Statistiques

Statistiques générales
  • Ce quiz a été pris 151 fois
    62 depuis la dernière actualisation
  • Le résultat moyen est 72 sur 149
Statistiques - réponses
Numéro Nom % Correct
195 Sherbrooke/Notre-Dame
88%
171 | 215 Henri-Bourassa
83%
24 | 105 | 185 Sherbrooke
83%
69 | 205 Gouin
75%
93 Jean-Talon
75%
22 | 189 Notre-Dame
75%
139 Pie-IX
75%
67 Saint-Michel
75%
30 Saint-Denis/Saint-Hubert
71%
165 Côte-des-Neiges
67%
100 Crémazie
67%
10 De Lorimier
67%
45 Papineau
67%
80 Parc
67%
197 Rosemont
67%
31 Saint-Denis
67%
15 | 34 Sainte-Catherine
67%
55 | 128 Saint-Laurent
67%
121 Sauvé/Côte-Vertu
67%
18 Beaubien
63%
28 Honoré-Beaugrand
63%
32 Lacordaire
63%
33 Langelier
63%
125 Ontario
63%
56 Saint-Hubert
63%
95 Bélanger
58%
54 Charland/Chabanel
58%
13 Christophe-Colomb
58%
146 Christophe-Colomb/Meilleur
58%
129 Côte-Sainte-Catherine
58%
36 Monk
58%
68 Pierrefonds
58%
86 Pointe-aux-Trembles
58%
29 Rachel
58%
136 Viau
58%
14 Atateken
54%
19 Chabanel/Marché Central
54%
17 Décarie
54%
94 D'Iberville
54%
51 Édouard-Montpetit
54%
85 Hochelaga
54%
193 Jarry
54%
37 Jolicoeur
54%
49 Maurice-Duplessis
54%
150 René-Lévesque
54%
187 René-Levesque
54%
107 Verdun
54%
123 Dollard
50%
16 Graham
50%
225 Hymus
50%
48 Perras
50%
41 Quartier Saint-Michel/Ahuntsic
50%
166 Queen-Mary
50%
192 Robert
50%
201 Saint-Charles/Saint-Jean
50%
27 Saint-Joseph
50%
126 Thimens/Grenet
50%
161 Van Horne
50%
112 Airlie
46%
25 Angus
46%
44 Armand-Bombardier
46%
46 Casgrain
46%
140 Fleury
46%
63 Girouard
46%
64 Grenet
46%
35 Griffintown
46%
12 Île-des-Soeurs
46%
141 Jean-Talon Est
46%
92 Jean-Talon Ouest
46%
106 Newman
46%
117 O'Brien
46%
11 Parc-du-Mont-Royal/Ridgewood
46%
178 Pointe-Nord/Île-des-Soeurs
46%
90 Saint-Jacques
46%
66 The Boulevard
46%
50 Vieux-Montréal/Vieux-Port
46%
99 Villeray
46%
72 Alfred-Nobel
42%
97 Avenue-du-Mont-Royal
42%
160 Barclay
42%
70 Bois-Franc
42%
104 Cavendish
42%
202 Dawson
42%
179 De l'Acadie
42%
131 De l'Assomption
42%
38 De L'Église
42%
180 De Salaberry
42%
40 Henri-Bourassa-Est
42%
113 Lapierre
42%
47 Masson
42%
26 Mercier-Est
42%
103 Monkland
42%
43 Monselet
42%
57 | 71 Pointe-Saint-Charles
42%
119 Rockland
42%
212 Sainte-Anne
42%
81 Saint-Jean-Baptiste
42%
101 Saint-Patrick
42%
186 Sherbrooke-Est
42%
109 Shevchenko
42%
177 Thimens
42%
124 Victoria
42%
211 Bord-du-Lac
38%
188 Couture
38%
135 De l'Esplanade
38%
52 de Liège
38%
144 des Pins
38%
138 Nôtre-Dame-de-Grâce
38%
61 Wellington
38%
162 Westminster
38%
108 Bannantyne
33%
110 Centrale
33%
168 Cité-du-Havre
33%
174 Côte-Vertu Ouest
33%
73 Dalton
33%
39 Des Grandes-Prairies
33%
209 Des Sources
33%
164 Dudemaine
33%
207 Jacques-Bizard
33%
170 Keller
33%
190 Norman
33%
115 Paré
33%
200 Sainte-Anne-de-Bellevue
33%
216 Transcanadienne
33%
217 Anse-à-l'Orme
29%
74 Bridge
29%
208 Brunswick
29%
204 Cardinal
29%
203 Carson
29%
175 Griffith/Saint-François
29%
220 Kieran
29%
78 Laurendeau
29%
206 Roger-Pilon
29%
102 Somerled
29%
191 Broadway/Provost
25%
75 De la Commune
25%
196 Parc-Industriel-Lachine
25%
213 Parc-Industriel-Saint-Laurent
25%
218 Antoine-Faucon
21%
219 Chemin Sainte-Marie
21%
183 Gouin Ouest
21%
Aucun quiz correspondant
Distribution des résultats
% des personnes avec chaque résultat
Percentile par nombre de réponses
Votre historique - résultats
Vous n’avez pas pris ce quiz depuis la dernière actualisation